000 00214nam a22000857a 4500
008 160805b xxu||||| |||| 00| 0 eng d
100 _946
_aShreelatha
245 _aPhysics-IX
260 _aNew Delhi
_bAPC Publication
_c2011
999 _c2698
_d2698